100 câu chuyện triết lý từ cuộc sống

Wedi'i Gadw mewn:
Manylion Llyfryddiaeth
Prif Awdur: Lưu Việp
Fformat: Llyfr
Iaith:Vietnamese
Cyhoeddwyd: Hà Nội Thanh niên 2008
Cyfres:Gieo hạt giống lạc quan cho tâm hồn
Pynciau:
Tagiau: Ychwanegu Tag
Dim Tagiau, Byddwch y cyntaf i dagio'r cofnod hwn!
Thư viện lưu trữ: Trung tâm Học liệu Lê Vũ Hùng, Trường Đại học Đồng Tháp
LEADER 00833aam a22002418a 4500
001 00028711
005 20171026081023.0
008 120330s2008 ||||||viesd
020 |c 45000 
041 0 # |a vie 
082 1 4 |a 158.1  |b M458TR 
100 0 # |a Lưu Việp 
245 1 0 |a 100 câu chuyện triết lý từ cuộc sống  |c Lưu Việp; Tri Thức Việt dịch 
260 # # |a Hà Nội  |b Thanh niên  |c 2008 
300 # # |a 216tr.  |c 21cm. 
490 # # |a Gieo hạt giống lạc quan cho tâm hồn 
650 # 4 |a Cuộc sống  |x Sách thường thức 
653 # # |a Phẩm cách 
653 # # |a Thật xử thế 
852 # # |b Kho đọc  |j KD.0013021 
852 # # |j KD.0013021 
910 |d 30/03/2012 
980 # # |a Trung tâm Học liệu Lê Vũ Hùng, Trường Đại học Đồng Tháp